[Event "NATO-ch 28th"]
[Site "Budapest"]
[Date "2017.03.30"]
[Round "6"]
[White "Kersic, Matej"]
[Black "Maes, Patrick"]
[Result "1-0"]
[WhiteElo "2167"]
[BlackElo "1906"]
[PlyCount "33"]
[EventDate "2017.03.27"]
[EventType "swiss"]
[EventRounds "7"]
[EventCountry "HUN"]
[SourceTitle "CBM 177 Extra"]
[Source "ChessBase"]
[SourceDate "2017.04.27"]
[SourceVersion "1"]
[SourceVersionDate "2017.04.27"]
[SourceQuality "1"]

1. e4 g6 2. d4 Bg7 3. Nc3 d6 4. f4 a6 5. Nf3 b5 6. Bd3 Nd7 7. e5 c5 8. Be3 Bb7 9. Be4 Qc7 10. 0-0 cxd4 11. exd6 exd6 12. Bxd4 Ndf6 13. Bxb7 Qxb7 14. Re1+ Kd7 15. Kh1 Nh6 16. Bxf6 Bxf6 17. Ne4 1-0

[Event "NATO-ch 28th"]
[Site "Budapest"]
[Date "2017.03.29"]
[Round "4"]
[White "Nikomanis, Andreas"]
[Black "Maes, Patrick"]
[Result "1-0"]
[WhiteElo "2061"]
[BlackElo "1906"]
[PlyCount "61"]
[EventDate "2017.03.27"]
[EventType "swiss"]
[EventRounds "7"]
[EventCountry "HUN"]
[SourceTitle "CBM 177 Extra"]
[Source "ChessBase"]
[SourceDate "2017.04.27"]
[SourceVersion "1"]
[SourceVersionDate "2017.04.27"]
[SourceQuality "1"]

1. e4 g6 2. d4 Bg7 3. Nc3 d6 4. f4 a6 5. Nf3 b5 6. Bd3 Nd7 7. e5 c5 8. Ng5 Nh6 9. Qf3 Rb8 10. e6 Nf6 11. dxc5 0-0 12. cxd6 Qxd6 13. exf7+ Nxf7 14. Nxf7 Rxf7 15. 0-0 Bb7 16. Qh3 b4 17. Ne2 Nd5 18. f5 Qc5+ 19. Kh1 Rbf8 20. Ng3 Bc8 21. Ne4 Qc6 22. Ng5 Bd4 23. Nxf7 Rxf7 24. Bh6 Bxb2 25. Rab1 Bc3 26. fxg6 hxg6 27. Qg3 Rxf1+ 28. Rxf1 Kh7 29. Rf7+ Kg8 30. Rf8+ Kh7 31. Rxc8 1-0

[Event "NATO-ch 28th"]
[Site "Budapest"]
[Date "2017.03.27"]
[Round "1"]
[White "Maes, Patrick"]
[Black "Liptay, Laszlo"]
[Result "0-1"]
[WhiteElo "1906"]
[BlackElo "2320"]
[PlyCount "56"]
[EventDate "2017.03.27"]
[EventType "swiss"]
[EventRounds "7"]
[EventCountry "HUN"]
[SourceTitle "CBM 177 Extra"]
[Source "ChessBase"]
[SourceDate "2017.04.27"]
[SourceVersion "1"]
[SourceVersionDate "2017.04.27"]
[SourceQuality "1"]

1. e4 c5 2. d3 g6 3. Nd2 Bg7 4. Ngf3 Nc6 5. g3 d6 6. Bg2 e6 7. 0-0 Nge7 8. c3 a5 9. Re1 0-0 10. Nf1 e5 11. Bg5 h6 12. Be3 a4 13. Qd2 Kh7 14. Rad1 Be6 15. Ra1 Qa5 16. h3 d5 17. g4 d4 18. cxd4 cxd4 19. Qxa5 Rxa5 20. Bc1 Rb5 21. a3 Na5 22. N1d2 Rc8 23. Bf1 Rbc5 24. Be2 f5 25. gxf5 gxf5 26. Kh2 Ng6 27. Rg1 Nf4 28. Re1 Nxe2 0-1

[Event "Goch op 27th"]
[Site "Goch"]
[Date "2016.09.03"]
[Round "5"]
[White "Maes, Patrick"]
[Black "Bauchmueller, Franz Josef"]
[Result "0-1"]
[WhiteElo "1949"]
[BlackElo "1710"]
[PlyCount "84"]
[EventDate "2016.09.01"]
[EventType "swiss"]
[EventRounds "7"]
[EventCountry "GER"]
[SourceTitle "EXT 2018"]
[Source "ChessBase"]
[SourceDate "2017.10.13"]
[SourceVersion "1"]
[SourceVersionDate "2017.10.13"]
[SourceQuality "1"]

1. e4 e5 2. Nc3 Bb4 3. Nf3 Bxc3 4. dxc3 d6 5. Bc4 Nf6 6. 0-0 0-0 7. Bg5 h6 8. Bh4 Bg4 9. Qd3 Nbd7 10. b4 g5 11. Bg3 Nh5 12. h3 Be6 13. Rad1 Qe7 14. Bh2 Nf4 15. Bxf4 exf4 16. Bd5 Rab8 17. Nd4 Ne5 18. Qe2 Kg7 19. Qh5 c6 20. Bb3 Rbd8 21. g3 Qf6 22. Kh1 c5 23. Bxe6 fxe6 24. Nb5 a6 25. Nxd6 cxb4 26. Nxb7 Rxd1 27. Rxd1 fxg3 28. fxg3 Qf3+ 29. Qxf3 Rxf3 30. cxb4 Rxg3 31. Kh2 Rc3 32. Rc1 Nd3 33. Rd1 Rxc2+ 34. Kg3 Rc3 35. Kh2 Nxb4 36. Rd6 Kf6 37. Rb6 Nxa2 38. Rxa6 Nb4 39. Rb6 Nd3 40. Nd8 Nf4 41. e5+ Kxe5 42. Nf7+ Kf6 0-1

[Event "Goch op 27th"]
[Site "Goch"]
[Date "2016.09.03"]
[Round "4"]
[White "Unkrig, Frank"]
[Black "Maes, Patrick"]
[Result "0-1"]
[WhiteElo "1577"]
[BlackElo "1949"]
[PlyCount "52"]
[EventDate "2016.09.01"]
[EventType "swiss"]
[EventRounds "7"]
[EventCountry "GER"]
[SourceTitle "EXT 2018"]
[Source "ChessBase"]
[SourceDate "2017.10.13"]
[SourceVersion "1"]
[SourceVersionDate "2017.10.13"]
[SourceQuality "1"]

1. d4 g6 2. c4 Bg7 3. Nc3 d6 4. Nf3 Nc6 5. e3 Nf6 6. a3 0-0 7. Be2 Nd7 8. Bd2 e5 9. d5 Ne7 10. b4 h6 11. e4 f5 12. Qc1 Kh7 13. h4 Nf6 14. Bg5 Nxe4 15. Bxe7 Qxe7 16. Nxe4 fxe4 17. Nd2 Bf5 18. g4 Bd7 19. Nxe4 Rf4 20. Qe3 Bxg4 21. Bxg4 Rxg4 22. h5 g5 23. Ng3 Rf8 24. Qd3+ e4 25. Qe2 Bc3+ 26. Kd1 Rxg3 0-1

[Event "Goch op 27th"]
[Site "Goch"]
[Date "2016.09.02"]
[Round "3"]
[White "Maes, Patrick"]
[Black "Van Helvoort, Paul"]
[Result "0-1"]
[WhiteElo "1949"]
[BlackElo "1555"]
[PlyCount "46"]
[EventDate "2016.09.01"]
[EventType "swiss"]
[EventRounds "7"]
[EventCountry "GER"]
[SourceTitle "EXT 2018"]
[Source "ChessBase"]
[SourceDate "2017.10.13"]
[SourceVersion "1"]
[SourceVersionDate "2017.10.13"]
[SourceQuality "1"]

1. e4 g6 2. d4 Bg7 3. c3 c5 4. f4 cxd4 5. cxd4 Qb6 6. Nf3 Nc6 7. e5 d6 8. Nc3 Bg4 9. Bb5 0-0-0 10. d5 dxe5 11. Qa4 Bxf3 12. gxf3 Nd4 13. Be3 Nxf3+ 14. Kf2 Nd4 15. Rac1 Kb8 16. Rhd1 Nh6 17. Kg2 Ng4 18. Bg1 a6 19. Be2 Qxb2 20. Qc4 Rc8 21. Qd3 Rxc3 22. Qxc3 Qxe2+ 23. Kh1 Qe4+ 0-1

[Event "Verbandsliga Nordbaden 1516"]
[Site "Baden"]
[Date "2016.04.17"]
[Round "9.5"]
[White "Mueller, Erich2222"]
[Black "Maes, Patrick"]
[Result "1-0"]
[WhiteElo "2134"]
[BlackElo "1963"]
[PlyCount "73"]
[EventDate "2015.09.27"]
[EventType "team-tourn"]
[EventRounds "9"]
[EventCountry "GER"]
[SourceTitle "EXT 2022"]
[Source "ChessBase"]
[SourceDate "2021.10.06"]
[SourceVersion "1"]
[SourceVersionDate "2021.10.06"]
[SourceQuality "1"]
[WhiteTeam "Ladenburg"]
[BlackTeam "Leimen"]
[WhiteTeamCountry "GER"]
[BlackTeamCountry "GER"]

1. f4 d6 2. Nf3 g6 3. Nc3 Bg7 4. e4 c5 5. Bb5+ Nc6 6. 0-0 Bd7 7. d3 a6 8. Bxc6 bxc6 9. Qe1 Nh6 10. Bd2 0-0 11. Na4 Rb8 12. Bc3 f6 13. b3 e5 14. fxe5 fxe5 15. Bd2 Nf7 16. Qg3 Qe7 17. Nb2 d5 18. Rae1 Qd6 19. Bc1 h6 20. Na4 Kh7 21. Ba3 Rb5 22. c4 Ra5 23. Qf2 d4 24. Qd2 Rxa4 25. bxa4 g5 26. Qa5 Qg6 27. Bxc5 Rg8 28. Qc7 Qe6 29. Rb1 Bf6 30. Rb7 Rd8 31. Nd2 g4 32. Nb3 Ng5 33. Qd6 Qxd6 34. Bxd6 Kg6 35. Nc5 Bc8 36. Rxf6+ Kxf6 37. Be7+ 1-0

[Event "NATO-ch 26th"]
[Site "Amsterdam"]
[Date "2015.07.07"]
[Round "2.35"]
[White "Maes, Patrick"]
[Black "Fielding, Michael"]
[Result "1-0"]
[WhiteElo "1949"]
[BlackElo "1778"]
[PlyCount "71"]
[EventDate "2015.07.06"]
[EventType "swiss"]
[EventRounds "7"]
[EventCountry "NED"]
[SourceTitle "EXT 2016"]
[Source "ChessBase"]
[SourceDate "2015.10.08"]
[SourceVersion "1"]
[SourceVersionDate "2015.10.08"]
[SourceQuality "1"]
[WhiteTeam "Belgium"]
[BlackTeam "England"]
[WhiteTeamCountry "BEL"]
[BlackTeamCountry "ENG"]

1. e4 e5 2. Nc3 Nf6 3. f4 exf4 4. e5 Ng8 5. Nf3 d6 6. Bc4 Bg4 7. d4 Ne7 8. Bxf7+ Kxf7 9. Ng5+ Ke8 10. Qxg4 dxe5 11. Qe6 Qd7 12. Qf7+ Kd8 13. Ne6+ Kc8 14. Nxf8 Qd8 15. Qe6+ Nd7 16. Nxd7 Qxd7 17. Qxd7+ Kxd7 18. dxe5 Ng6 19. 0-0 Rhf8 20. Bd2 Rae8 21. Rad1 Kc8 22. Rde1 Nxe5 23. Bxf4 Ng6 24. Rxe8+ Rxe8 25. Bg3 Rf8 26. Rxf8+ Nxf8 27. Kf2 Ne6 28. Ke3 Kd7 29. b4 c6 30. Ne4 h6 31. Nc5+ Nxc5 32. bxc5 Ke6 33. Ke4 g6 34. a4 a6 35. a5 g5 36. Be5 1-0

[Event "Goch op 24th"]
[Site "Goch"]
[Date "2013.09.06"]
[Round "3"]
[White "Maes, Patrick"]
[Black "Ten Vergert, Paul"]
[Result "0-1"]
[WhiteElo "2009"]
[BlackElo "2199"]
[PlyCount "72"]
[EventDate "2013.09.05"]
[EventType "swiss"]
[EventRounds "7"]
[EventCountry "GER"]
[SourceTitle "EXT 2015"]
[Source "ChessBase"]
[SourceDate "2014.11.20"]
[SourceVersion "1"]
[SourceVersionDate "2014.11.20"]
[SourceQuality "1"]

1. e4 c5 2. d3 Nc6 3. Nf3 g6 4. g3 Bg7 5. Bg2 Nf6 6. 0-0 d5 7. Nbd2 0-0 8. c3 b6 9. Re1 Ba6 10. e5 Ng4 11. Qa4 Qc8 12. Bh3 h5 13. e6 Bxd3 14. Bxg4 hxg4 15. Qxg4 f6 16. Nh4 Ne5 17. Qh3 c4 18. f4 Qc5+ 19. Kg2 Nc6 20. Ndf3 d4 21. cxd4 Qd5 22. Be3 g5 23. Kf2 gxh4 24. gxh4 Bf5 25. Qg3 Bxe6 26. Rg1 Rf7 27. Rg2 Qh5 28. Rag1 Bd5 29. f5 Qxf5 30. Bh6 Nxd4 31. Bxg7 Nxf3 32. Bh6+ Ng5+ 33. Ke1 Bxg2 34. hxg5 Qb1+ 35. Ke2 Qxg1 36. gxf6+ Kh7 0-1

[Event "Goch op 24th"]
[Site "Goch"]
[Date "2013.09.05"]
[Round "1"]
[White "Maes, Patrick"]
[Black "Lammes, Pim"]
[Result "1/2-1/2"]
[WhiteElo "2009"]
[BlackElo "1641"]
[PlyCount "58"]
[EventDate "2013.09.05"]
[EventType "swiss"]
[EventRounds "7"]
[EventCountry "GER"]
[SourceTitle "EXT 2015"]
[Source "ChessBase"]
[SourceDate "2014.11.20"]
[SourceVersion "1"]
[SourceVersionDate "2014.11.20"]
[SourceQuality "1"]

1. e4 e5 2. Nc3 Bc5 3. Nf3 Nc6 4. Bb5 d6 5. 0-0 Bg4 6. h3 Bh5 7. d3 Nge7 8. Be3 Bb6 9. Nd5 0-0 10. Nxb6 axb6 11. a3 f5 12. exf5 Nxf5 13. g4 Nxe3 14. fxe3 Bg6 15. e4 Qe7 16. Qd2 Rf4 17. Nh2 Raf8 18. Rxf4 Rxf4 19. Rf1 Rxf1+ 20. Nxf1 Nd4 21. Bc4+ Bf7 22. Qf2 Bxc4 23. dxc4 Qf7 24. Ne3 c6 25. Kg2 g6 26. c3 Ne6 27. h4 Nf4+ 28. Kg3 Nd3 29. Qxf7+ Kxf7 1/2-1/2

[Event "NATO-ch 24th"]
[Site "Rynia"]
[Date "2013.08.14"]
[Round "5"]
[White "Maes, Patrick"]
[Black "Picart, Laurent"]
[Result "0-1"]
[WhiteElo "2017"]
[BlackElo "2109"]
[PlyCount "68"]
[EventDate "2013.08.12"]
[EventType "swiss"]
[EventRounds "7"]
[EventCountry "POL"]
[SourceTitle "CBM 156 Extra"]
[Source "ChessBase"]
[SourceDate "2013.10.22"]
[SourceVersion "1"]
[SourceVersionDate "2013.10.22"]
[SourceQuality "1"]

1. e4 c6 2. d3 d5 3. Nd2 e5 4. Ngf3 Bd6 5. g3 Nf6 6. Bg2 0-0 7. 0-0 dxe4 8. dxe4 Nbd7 9. c3 a5 10. Nc4 Bc7 11. Qc2 b5 12. Ne3 g6 13. Rd1 Qe7 14. a4 bxa4 15. Nc4 Nc5 16. Bg5 Qe6 17. Nfd2 Kg7 18. Be3 Nfd7 19. f4 Ba6 20. Nxe5 Bxe5 21. fxe5 Bd3 22. Qc1 Be2 23. Nf3 Bxd1 24. Nd4 Qg4 25. Bh6+ Kg8 26. Bxf8 Rxf8 27. Qxd1 Qxd1+ 28. Rxd1 Nxe5 29. h3 Rb8 30. Rd2 Rb6 31. Bf1 h5 32. Kg2 Nxe4 33. Re2 f5 34. Nf3 Nd3 0-1

[Event "NATO-ch 23nd"]
[Site "Brest"]
[Date "2012.10.02"]
[Round "3"]
[White "Maes, Patrick"]
[Black "Kaygisiz, Ozgur Can"]
[Result "1-0"]
[WhiteElo "2042"]
[BlackElo "1899"]
[PlyCount "93"]
[EventDate "2012.10.01"]
[EventType "swiss"]
[EventRounds "7"]
[EventCountry "FRA"]
[SourceTitle "CBM 150 Extra"]
[Source "ChessBase"]
[SourceDate "2012.10.19"]
[SourceVersion "1"]
[SourceVersionDate "2012.10.19"]
[SourceQuality "1"]

1. e4 c5 2. d3 Nc6 3. Nf3 g6 4. g3 Bg7 5. Bg2 b5 6. 0-0 Bb7 7. c3 e5 8. Bg5 Nge7 9. Na3 a6 10. Nc2 0-0 11. Qd2 Qc7 12. h4 Rfe8 13. Nh2 f6 14. Bh6 Bh8 15. Ne3 d6 16. f4 b4 17. f5 bxc3 18. bxc3 Nb8 19. Rab1 Nd7 20. g4 Rab8 21. g5 Ba8 22. Rxb8 Rxb8 23. fxg6 hxg6 24. Bh3 Kf7 25. h5 Rg8 26. Qe2 d5 27. Qg4 Nf8 28. hxg6+ Nexg6 29. Qh5 dxe4 30. Neg4 Nh7 31. Nxf6 Nxf6 32. Ng4 exd3 33. Nxf6 Qc6 34. Ne4+ Ke7 35. Qg4 Nf4 36. Qf5 Nxh3+ 37. Kh2 Nf4 38. Qh7+ Bg7 39. Bxg7 Rxg7 40. Qxg7+ Kd8 41. Rb1 Qc8 42. Qf6+ Kd7 43. Qd6+ Ke8 44. Rb8 Bb7 45. Qxe5+ Kd7 46. Rxc8 Kxc8 47. Qxf4 1-0

[Event "NATO-ch 23nd"]
[Site "Brest"]
[Date "2012.10.01"]
[Round "1"]
[White "Maes, Patrick"]
[Black "Ghiacy, Jelani"]
[Result "1-0"]
[WhiteElo "2042"]
[BlackElo "1193"]
[PlyCount "65"]
[EventDate "2012.10.01"]
[EventType "swiss"]
[EventRounds "7"]
[EventCountry "FRA"]
[SourceTitle "CBM 150 Extra"]
[Source "ChessBase"]
[SourceDate "2012.10.19"]
[SourceVersion "1"]
[SourceVersionDate "2012.10.19"]
[SourceQuality "1"]

1. e4 e5 2. Nc3 Nf6 3. f4 d6 4. Nf3 a6 5. Bc4 Be6 6. Bxe6 fxe6 7. fxe5 dxe5 8. Nxe5 Bc5 9. Nf3 0-0 10. d4 Bb6 11. Bg5 Qe8 12. Qe2 Nc6 13. 0-0-0 Rd8 14. e5 Nd5 15. Bxd8 Nxc3 16. bxc3 Qxd8 17. Qc4 Qe7 18. h4 Na5 19. Qb4 Qf7 20. Ng5 Qf4+ 21. Kb1 Nc6 22. Qc4 Nd8 23. Rdf1 Qg4 24. Rxf8+ Kxf8 25. Qb4+ Ke8 26. Rf1 Kd7 27. Qf8 Kc8 28. Nf7 c6 29. Nd6+ Kb8 30. Qe7 Qxg2 31. Rf8 Bc7 32. Rxd8+ Bxd8 33. Qxb7# 1-0

[Event "Verbandsliga Nord Baden 1112"]
[Site "Germany"]
[Date "2011.10.09"]
[Round "1.8"]
[White "Weiss, Oliver"]
[Black "Maes, Patrick"]
[Result "1/2-1/2"]
[WhiteElo "2210"]
[BlackElo "2068"]
[PlyCount "65"]
[EventDate "2011.10.09"]
[EventType "team-tourn"]
[EventRounds "9"]
[EventCountry "GER"]
[SourceTitle "EXT 2013"]
[Source "ChessBase"]
[SourceDate "2012.11.22"]
[SourceVersion "1"]
[SourceVersionDate "2012.11.22"]
[SourceQuality "1"]
[WhiteTeam "Hockenheim II"]
[BlackTeam "Leimen"]
[WhiteTeamCountry "GER"]
[BlackTeamCountry "GER"]

1. Nf3 g6 2. d4 Bg7 3. e4 d6 4. Nc3 a6 5. a4 b6 6. Bd3 Nd7 7. 0-0 Bb7 8. Be3 e6 9. Qd2 Ne7 10. Bh6 0-0 11. Bxg7 Kxg7 12. Rfe1 h6 13. Qe2 c5 14. Rad1 Qc7 15. Nb1 cxd4 16. Nxd4 Nc5 17. b3 d5 18. e5 Rac8 19. Nd2 Nc6 20. Nxc6 Qxc6 21. Nf3 Ne4 22. Qe3 Qc5 23. Nd4 Qe7 24. f3 Nc5 25. f4 Nxd3 26. Qxd3 Rc7 27. Qg3 Qc5 28. Kh1 Kh7 29. h3 Qb4 30. Qd3 Rfc8 31. h4 Qe7 32. Qh3 Rc3 33. Qg4 1/2-1/2

[Event "NATO-ch 22nd"]
[Site "Kaunas"]
[Date "2011.08.12"]
[Round "7"]
[White "Sypien, Mateusz"]
[Black "Maes, Patrick"]
[Result "1-0"]
[WhiteElo "2283"]
[BlackElo "2068"]
[PlyCount "71"]
[EventDate "2011.08.08"]
[EventType "swiss"]
[EventRounds "7"]
[EventCountry "LTU"]
[SourceTitle "CBM 143 Extra"]
[Source "ChessBase"]
[SourceDate "2011.08.29"]
[SourceVersion "1"]
[SourceVersionDate "2011.08.29"]
[SourceQuality "1"]

1. e4 g6 2. d4 Bg7 3. Nc3 d6 4. Be3 a6 5. a4 b6 6. Nf3 Bb7 7. Bd3 Nd7 8. 0-0 e6 9. Qd2 Ne7 10. Bh6 0-0 11. Bxg7 Kxg7 12. Qf4 h6 13. Rfe1 Ng8 14. e5 d5 15. Ne2 c5 16. c3 a5 17. Ng3 Qe7 18. Qg4 Rfc8 19. Nh5+ Kh8 20. Nf4 Nf8 21. h4 Ba6 22. Bc2 Ra7 23. g3 Rac7 24. Kg2 Rd8 25. Nh3 Nh7 26. Rad1 cxd4 27. Nxd4 h5 28. Qf3 Nh6 29. Nf4 Kg7 30. Qe3 Ng4 31. Qd2 Nh6 32. f3 Rh8 33. Bxg6 fxg6 34. Ndxe6+ Kg8 35. Nxc7 Qxc7 36. Qxd5+ 1-0

[Event "NATO-ch 22nd"]
[Site "Kaunas"]
[Date "2011.08.11"]
[Round "6"]
[White "Maes, Patrick"]
[Black "Geroly, Jozsef"]
[Result "1-0"]
[WhiteElo "2068"]
[BlackElo "1978"]
[PlyCount "109"]
[EventDate "2011.08.08"]
[EventType "swiss"]
[EventRounds "7"]
[EventCountry "LTU"]
[SourceTitle "CBM 143 Extra"]
[Source "ChessBase"]
[SourceDate "2011.08.29"]
[SourceVersion "1"]
[SourceVersionDate "2011.08.29"]
[SourceQuality "1"]

1. e4 g6 2. d4 Bg7 3. f4 d6 4. c3 a6 5. Nf3 Nd7 6. Bd3 c5 7. 0-0 b5 8. e5 dxe5 9. fxe5 e6 10. Ng5 Nh6 11. Qf3 0-0 12. Qxa8 cxd4 13. cxd4 Qb6 14. Qe4 Bb7 15. Qe2 Nxe5 16. Be3 Nhg4 17. Nd2 Nxe3 18. Qxe3 Ng4 19. Qe2 Bxd4+ 20. Kh1 Nf2+ 21. Rxf2 Bxf2 22. Rf1 Bd4 23. Ndf3 Bg7 24. Qf2 Qxf2 25. Rxf2 Rd8 26. Ne1 Rd7 27. Re2 h6 28. Ngf3 Bd5 29. b3 Bc3 30. Bc2 Kg7 31. Kg1 Rc7 32. Nd3 f6 33. Nf4 Bxf3 34. Nxe6+ Kf7 35. Nd8+ Kg8 36. gxf3 Kh7 37. Ne6 Rf7 38. Nf4 f5 39. Re6 Ra7 40. Bd3 Rd7 41. Bf1 Bd2 42. Nd3 Rc7 43. Rxa6 Be3+ 44. Kg2 Rc2+ 45. Kh3 g5 46. a4 h5 47. axb5 Bg1 48. Bg2 f4 49. b6 g4+ 50. fxg4 hxg4+ 51. Kxg4 Rxg2+ 52. Kf3 Rg7 53. Ra7 Bxb6 54. Rxg7+ Kxg7 55. Nxf4 1-0

[Event "Ghent Taminco op 34th"]
[Site "Ghent"]
[Date "2011.07.17"]
[Round "3"]
[White "Maes, Patrick"]
[Black "Muhren, Bianca"]
[Result "0-1"]
[WhiteElo "2068"]
[BlackElo "2307"]
[PlyCount "66"]
[EventDate "2011.07.16"]
[EventType "swiss"]
[EventRounds "9"]
[EventCountry "BEL"]
[SourceTitle "CBM 143 Extra"]
[Source "ChessBase"]
[SourceDate "2011.08.29"]
[SourceVersion "1"]
[SourceVersionDate "2011.08.29"]
[SourceQuality "1"]

1. e4 c5 2. c3 d5 3. exd5 Qxd5 4. d4 Nf6 5. Nf3 e6 6. Be2 Be7 7. 0-0 0-0 8. Na3 Qd8 9. Nc2 Nc6 10. Be3 Nd5 11. Qd2 cxd4 12. Ncxd4 Nxe3 13. Qxe3 Nxd4 14. Qxd4 Bf6 15. Qe4 Qb6 16. Bd3 g6 17. Ne5 Qxb2 18. Ng4 Bg7 19. Rab1 Qxc3 20. Rfc1 Qd4 21. Qe2 e5 22. Ne3 Be6 23. Rxb7 Rac8 24. Rcb1 a5 25. R7b5 Rfd8 26. Rd1 Qa4 27. Rb2 Bf8 28. Bb5 Rxd1+ 29. Nxd1 Qd4 30. Rd2 Bg4 31. Qd3 Qb6 32. a4 Bb4 33. Rc2 Rd8 0-1

[Event "NATO-ch 19th"]
[Site "Brussels"]
[Date "2008.08.07"]
[Round "5"]
[White "Maes, Patrick"]
[Black "Steffers, Hendrik"]
[Result "1/2-1/2"]
[WhiteElo "2107"]
[BlackElo "1966"]
[PlyCount "30"]
[EventDate "2008.08.04"]
[EventType "swiss"]
[EventRounds "7"]
[EventCountry "BEL"]
[SourceTitle "EXT 2015"]
[Source "ChessBase"]
[SourceDate "2014.11.20"]
[SourceVersion "1"]
[SourceVersionDate "2014.11.20"]
[SourceQuality "1"]

1. g3 d5 2. Bg2 e5 3. d3 Nf6 4. Bg5 Be7 5. Nc3 c6 6. Nf3 Qc7 7. 0-0 Be6 8. Bxf6 Bxf6 9. e4 d4 10. Ne2 Bg4 11. h3 Bxf3 12. Bxf3 Nd7 13. Bg2 g5 14. c4 Be7 15. a3 a5 1/2-1/2